| 000 | 006450000a22001810004500 | ||
|---|---|---|---|
| 003 | MACL | ||
| 005 | 20160217125151.0 | ||
| 008 | 160217b xxu||||| |||| 00| 0 eng d | ||
| 040 |
_aMACL _cMACL |
||
| 041 | _aHindi | ||
| 082 | _a338 | ||
| 100 |
_aव्होरा आशारानी _938645 |
||
| 245 |
_aमहिला कुटीर उधीग _bस्त्रियोपयोगी घरेलू दस्तकारिया |
||
| 260 |
_bहिन्द पुस्तक भण्डार _c1977 _aनई दिल्ली |
||
| 350 | _a12 | ||
| 650 |
_aProduction _938646 |
||
| 942 |
_cHIN _k338 _2ddc |
||
| 999 |
_c28389 _d28389 |
||